| 000 | 00380nam a2200157Ia 4500 | ||
|---|---|---|---|
| 008 | 220216s9999 xx 000 0 und d | ||
| 100 | _aNakamura M | ||
| 245 | 0 | _aEffects of filler on compatibility of NR | |
| 260 |
_bRubber World _c1998 |
||
| 300 | _a30-34 | ||
| 500 | _aSource Year: 1998 | ||
| 700 | _aNoguchchi K | ||
| 700 | _aTakagishi Y | ||
| 856 | _uIRRDB | ||
| 942 | _cJS | ||
| 999 |
_c58331 _d58331 |
||